[Event "DVM U14w 2015"]
[Site "Magdeburg GER"]
[Date "2015.12.28"]
[Round "4"]
[White "Bui, Ngoc Han Julia"]
[Black "Weimert, Miriam"]
[Result "1-0"]
[Termination "normal"]
[Board "1.1"]
[WhiteElo "1600"]
[BlackElo "1694"]
[WhiteClock "01:19:25"]
[BlackClock "01:06:56"]
[WhiteTeam "SV Dresden-Leuben"]
[BlackTeam "SF Sasbach"]
[PlyCount "59"]
[WhiteFideId "12977055"]
[BlackFideId "12966703"]
[EventCountry "GER"]
[EventRounds "7"]
[EventType "team-swiss"]
[EventDate "2015.12.26"]

1. e4 c5 2. Nc3 e6 3. Nf3 d5 4. exd5 exd5 5. d4 Nf6 6. Bb5+ Bd7 7. Qe2+ Be7 8.
Bf4 O-O 9. O-O-O c4 10. Bxd7 Nbxd7 11. Ne5 a6 12. g4 b5 13. Nc6 Qb6 14. Nxe7+
Kh8 15. Nexd5 Nxd5 16. Nxd5 Qa5 17. a3 Rfe8 18. Qd2 Qxd2+ 19. Rxd2 Re4 20. f3
Rxf4 21. Nxf4 Re8 22. Re2 Rf8 23. Rhe1 g6 24. Re8 Kg7 25. Rxf8 Kxf8 26. Kd2 Nf6
27. g5 Ne8 28. Rxe8+ Kxe8 29. c3 Kd7 30. Ke3 1-0

[Event "DVM U14w 2015"]
[Site "Magdeburg GER"]
[Date "2015.12.28"]
[Round "4"]
[White "Lohrmann, Tabea"]
[Black "Arnhold, Steffi"]
[Result "0-1"]
[Termination "normal"]
[Board "1.2"]
[WhiteElo "1657"]
[BlackElo "1574"]
[WhiteClock "00:29:10"]
[BlackClock "00:48:26"]
[WhiteTeam "SF Sasbach"]
[BlackTeam "SV Dresden-Leuben"]
[PlyCount "132"]
[WhiteFideId "12911941"]
[BlackFideId "12931365"]
[EventCountry "GER"]
[EventRounds "7"]
[EventType "team-swiss"]
[EventDate "2015.12.26"]

1. e4 c5 2. Nf3 e6 3. d4 cxd4 4. Nxd4 a6 5. Nc3 Qc7 6. Be3 Nf6 7. f3 d6 8. Qd2
Be7 9. O-O-O Bd7 10. Kb1 Nc6 11. g4 b5 12. a3 Ne5 13. h4 Nc4 14. Bxc4 bxc4 15.
g5 Nh5 16. f4 Rb8 17. Ka1 Ng3 18. Rhg1 Qb7 19. Rb1 Nxe4 20. Qe2 Rc8 21. Nxe4
Qxe4 22. Rbd1 Qb7 23. Bd2 d5 24. Bc3 Qb6 25. Rgf1 a5 26. Rde1 Bb4 27. axb4 axb4
28. Bxb4 Qxb4 29. c3 Qa4+ 30. Kb1 Ra8 31. f5 Qa2+ 32. Kc1 Qa1+ 33. Kd2 Qxb2+
34. Nc2 Ra2 35. Rc1 d4 36. Qxc4 Qxc3+ 37. Qxc3 dxc3+ 38. Kxc3 exf5 39. Rb1 O-O
40. Rb7 Rc8+ 41. Kd3 Bc6 42. Rb6 Be4+ 43. Ke3 Raxc2 44. Rd1 g6 45. Rd7 R2c7 46.
Rd2 Rc3+ 47. Kd4 Rh3 48. Ke5 Kg7 49. Rd7 Re8+ 50. Kd6 Re6+ 51. Kc5 Rxb6 52.
Kxb6 Rxh4 53. Kc5 Rg4 54. Rd2 Rxg5 55. Kd4 Bb7 56. Ke3 h5 57. Rh2 Rg4 58. Kd3
f4 59. Rf2 f3 60. Ke3 Rg2 61. Rf1 Re2+ 62. Kf4 Kf6 63. Kg3 Kf5 64. Kh4 Kf4 65.
Kh3 Bc8+ 66. Kh4 Rh2# 0-1

[Event "DVM U14w 2015"]
[Site "Magdeburg GER"]
[Date "2015.12.28"]
[Round "4"]
[White "Wong, Kar Yan"]
[Black "Ehmann, Johanna"]
[Result "1/2-1/2"]
[Termination "normal"]
[Board "1.3"]
[WhiteElo "1590"]
[BlackElo "1689"]
[WhiteClock "01:22:53"]
[BlackClock "00:35:53"]
[WhiteTeam "SV Dresden-Leuben"]
[BlackTeam "SF Sasbach"]
[PlyCount "95"]
[WhiteFideId "12971855"]
[BlackFideId "12953130"]
[EventCountry "GER"]
[EventRounds "7"]
[EventType "team-swiss"]
[EventDate "2015.12.26"]

1. Nf3 d5 2. e3 Nf6 3. c4 Nc6 4. d4 Bf5 5. a3 e6 6. b4 Be7 7. b5 Na5 8. Nbd2
Nxc4 9. Nxc4 dxc4 10. Bxc4 O-O 11. O-O Bg4 12. Be2 Qd5 13. a4 Ne4 14. Qc2 Bd6
15. h3 Bxf3 16. Bxf3 f5 17. Bxe4 fxe4 18. Qa2 Rac8 19. Qxd5 exd5 20. Ba3 Bxa3
21. Rxa3 c5 22. bxc6 Rxc6 23. Rb1 b6 24. a5 bxa5 25. Rxa5 Rc2 26. Rf1 Ra8 27.
Rfa1 Rf8 28. R5a2 Rfxf2 29. Rxc2 Rxc2 30. Rxa7 Re2 31. Ra3 Kf7 32. Kf1 Rb2 33.
Ra7+ Kf6 34. Rd7 Rb1+ 35. Kf2 Rb2+ 36. Kg3 Re2 37. Rxd5 Rxe3+ 38. Kf4 Re2 39.
g3 h6 40. Rf5+ Kg6 41. Re5 Rh2 42. h4 Kf6 43. Rxe4 g5+ 44. hxg5+ hxg5+ 45. Kg4
Rd2 46. Kf3 Rd3+ 47. Kg4 Rd2 48. Kf3 1/2-1/2

[Event "DVM U14w 2015"]
[Site "Magdeburg GER"]
[Date "2015.12.28"]
[Round "4"]
[White "Schneider, Katharina"]
[Black "Klemke, Kassandra"]
[Result "1-0"]
[Termination "normal"]
[Board "1.4"]
[WhiteElo "1155"]
[BlackElo "1157"]
[WhiteClock "00:25:57"]
[BlackClock "00:52:31"]
[WhiteTeam "SF Sasbach"]
[BlackTeam "SV Dresden-Leuben"]
[PlyCount "79"]
[WhiteFideId "16200519"]
[BlackFideId "16217128"]
[EventCountry "GER"]
[EventRounds "7"]
[EventType "team-swiss"]
[EventDate "2015.12.26"]

1. e4 c5 2. Nf3 d6 3. d4 cxd4 4. Nxd4 Nf6 5. Nc3 a6 6. f3 e6 7. Be3 b5 8. a3
Bb7 9. Qd2 Nbd7 10. Be2 Nb6 11. a4 b4 12. Na2 a5 13. Bb5+ Nfd7 14. Bg5 Be7 15.
Bxe7 Qxe7 16. c3 bxc3 17. Nxc3 Ba6 18. O-O O-O 19. Nc6 Qf6 20. Qxd6 Kh8 21. e5
Qg5 22. f4 Qh6 23. Bxa6 Rxa6 24. Nb5 Raa8 25. Nc7 Rac8 26. Nxa5 Rfd8 27. Qe7
Qg6 28. Nb5 Rf8 29. b4 Qc2 30. Rac1 Qb2 31. Rb1 Qe2 32. Rfe1 Qc2 33. Nd6 Ra8
34. Nxf7+ Kg8 35. Ng5 Rxf4 36. Qxe6+ Kh8 37. Nf7+ Kg8 38. Rf1 Rxb4 39. Nd8+ Kh8
40. Qe8+ 1-0

[Event "DVM U14w 2015"]
[Site "Magdeburg GER"]
[Date "2015.12.28"]
[Round "4"]
[White "Reinecke, Katharina"]
[Black "Nguyen, Ha Thanh"]
[Result "0-1"]
[Termination "normal"]
[Board "2.1"]
[WhiteElo "1853"]
[BlackElo "1691"]
[WhiteClock "00:02:01"]
[BlackClock "00:08:02"]
[WhiteTeam "SK Langen"]
[BlackTeam "SV Empor Erfurt"]
[PlyCount "122"]
[WhiteFideId "12929727"]
[BlackFideId "12942154"]
[EventCountry "GER"]
[EventRounds "7"]
[EventType "team-swiss"]
[EventDate "2015.12.26"]

1. d4 f5 2. c4 Nf6 3. Nf3 g6 4. g3 Bg7 5. Bg2 O-O 6. Nc3 d6 7. O-O Qe8 8. b4 c6
9. Bb2 Bd7 10. a4 e5 11. e3 e4 12. Nd2 d5 13. Qe2 Be6 14. c5 Na6 15. Ba3 Rf7
16. Rfb1 Nd7 17. Rb3 Qd8 18. Bf1 g5 19. b5 Nc7 20. bxc6 bxc6 21. Rab1 f4 22.
R3b2 f3 23. Qe1 h5 24. Nb3 a5 25. Nd1 Ne8 26. Nc1 g4 27. Rc2 Bh8 28. Bb2 h4 29.
Bc3 Nef6 30. Nb3 Rb8 31. Rcb2 Qf8 32. Nxa5 Rxb2 33. Rxb2 Nb8 34. Nb7 Nfd7 35.
Nd6 Rh7 36. a5 Nf6 37. Nb7 Bc8 38. a6 Bxb7 39. axb7 Nfd7 40. Rb3 Qh6 41. Qd2
Bf6 42. Ba5 hxg3 43. fxg3 Bg5 44. Rb2 Rf7 45. Qf2 Nf8 46. Rb3 Ne6 47. Kh1 Ng7
48. Kg1 Nf5 49. Kh1 Qh7 50. Kg1 Rxb7 51. Qb2 Rxb3 52. Qxb3 Qa7 53. Bb6 Qb7 54.
Kf2 Qh7 55. Kg1 f2+ 56. Nxf2 Bxe3 57. Ba5 Bxf2+ 58. Kxf2 Qxh2+ 59. Bg2 e3+ 60.
Kf1 Nxg3+ 61. Ke1 Qg1+ 0-1

[Event "DVM U14w 2015"]
[Site "Magdeburg GER"]
[Date "2015.12.28"]
[Round "4"]
[White "Schulz, Theresa Charlotte"]
[Black "Poetsch, Leonore"]
[Result "1-0"]
[Termination "normal"]
[Board "2.2"]
[WhiteElo "1669"]
[BlackElo "1790"]
[WhiteClock "00:12:18"]
[BlackClock "00:49:26"]
[WhiteTeam "SV Empor Erfurt"]
[BlackTeam "SK Langen"]
[PlyCount "87"]
[WhiteFideId "12952206"]
[BlackFideId "12940372"]
[EventCountry "GER"]
[EventRounds "7"]
[EventType "team-swiss"]
[EventDate "2015.12.26"]

1. e4 e6 2. Qe2 c5 3. Nf3 Nc6 4. g3 Nge7 5. Bg2 g6 6. O-O Bg7 7. c3 O-O 8. d3
d5 9. Nbd2 d4 10. c4 e5 11. Nb3 Qd6 12. Nh4 f5 13. f4 Be6 14. fxe5 Bxe5 15. Bh6
Rf7 16. Nf3 fxe4 17. Nxe5 Nxe5 18. Bxe4 Nf5 19. Bf4 Re8 20. Rae1 Rfe7 21. Bxb7
Rxb7 22. Qxe5 Qxe5 23. Rxe5 Bf7 24. Rfe1 Rc8 25. R1e2 Rbc7 26. Rxf5 gxf5 27.
Bxc7 Rxc7 28. Re5 Bg6 29. Rxc5 Re7 30. Nxd4 Re1+ 31. Kf2 Rb1 32. Rb5 Rh1 33.
Kg2 Rd1 34. Nxf5 Rxd3 35. Ne7+ Kf7 36. Nxg6 Kxg6 37. c5 Rd2+ 38. Kh3 Rc2 39. a3
Kf6 40. b4 h5 41. Ra5 h4 42. Ra6+ Kf5 43. c6 hxg3 44. hxg3 1-0

[Event "DVM U14w 2015"]
[Site "Magdeburg GER"]
[Date "2015.12.28"]
[Round "4"]
[White "Flach, Helene"]
[Black "Rieger, Lotta"]
[Result "1-0"]
[Termination "normal"]
[Board "2.3"]
[WhiteElo "1785"]
[BlackElo "1442"]
[WhiteClock "00:04:02"]
[BlackClock "00:28:47"]
[WhiteTeam "SK Langen"]
[BlackTeam "SV Empor Erfurt"]
[PlyCount "77"]
[WhiteFideId "12929735"]
[BlackFideId "12964620"]
[EventCountry "GER"]
[EventRounds "7"]
[EventType "team-swiss"]
[EventDate "2015.12.26"]

1. e4 e6 2. d4 d5 3. Nd2 dxe4 4. Nxe4 Bd7 5. Nf3 Bc6 6. Bd3 Nd7 7. O-O Ngf6 8.
Nxf6+ Nxf6 9. c3 Be7 10. Re1 b6 11. Ne5 Bd7 12. Bf4 Nd5 13. Bg3 O-O 14. Be4 Rc8
15. Qc2 Nf6 16. Bf3 c5 17. Nxd7 Qxd7 18. dxc5 Rxc5 19. Rad1 Qc8 20. Qb3 Rd8 21.
Rxd8+ Bxd8 22. Bd6 Rc4 23. Bb7 Qd7 24. Qxc4 Qxd6 25. Bf3 Bc7 26. h3 Qc5 27. Qa6
Qe7 28. Rd1 h6 29. Kf1 Be5 30. Qc4 Qc7 31. Qxc7 Bxc7 32. Ke2 Kf8 33. Kd3 Ke7
34. Kc4 Nd7 35. Kb5 Nb8 36. Rd4 Bd6 37. Ra4 Bc5 38. Rxa7+ Kf6 39. Rb7 1-0

[Event "DVM U14w 2015"]
[Site "Magdeburg GER"]
[Date "2015.12.28"]
[Round "4"]
[White "Geletzke, Hannah"]
[Black "Riegel, Arinna"]
[Result "0-1"]
[Termination "time forfeit"]
[Board "2.4"]
[WhiteElo "1514"]
[BlackElo "1691"]
[WhiteClock "01:18:31"]
[WhiteTeam "SV Empor Erfurt"]
[BlackTeam "SK Langen"]
[PlyCount "103"]
[WhiteFideId "12983330"]
[BlackFideId "12931446"]
[EventCountry "GER"]
[EventRounds "7"]
[EventType "team-swiss"]
[EventDate "2015.12.26"]

1. Nf3 d5 2. g3 Nf6 3. Bg2 c6 4. O-O Bg4 5. h3 Bf5 6. d3 h6 7. Re1 Qc8 8. Kh2
Nbd7 9. Nd4 Bg6 10. e4 Qc7 11. f4 dxe4 12. dxe4 e5 13. Nb3 Bd6 14. f5 Bh7 15.
N1d2 Rd8 16. Nc4 Be7 17. Qe2 b6 18. Be3 O-O 19. Rad1 Rfe8 20. Nbd2 Bc5 21. Nf1
Bxe3 22. Nfxe3 Nc5 23. Ng4 Nxg4+ 24. Qxg4 f6 25. Qe2 Kf8 26. Qe3 Bg8 27. Bf1
Rd7 28. b3 Red8 29. Rxd7 Qxd7 30. Qc1 Bxc4 31. Bxc4 Qd2+ 32. Qxd2 Rxd2+ 33. Re2
Rxe2+ 34. Bxe2 Nxe4 35. Bf3 Nd6 36. g4 c5 37. Kg3 Nb5 38. Kf2 Ke7 39. Ke3 Kd6
40. Kd3 Nc7 41. a4 Nd5 42. Kc4 Nc7 43. Be4 a6 44. c3 b5+ 45. Kd3 Nd5 46. axb5
axb5 47. Kd2 Nf4 48. h4 Nh3 49. Ke3 Nf4 50. Kd2 h5 51. gxh5 Nxh5 52. Ke3 {
Zeitüberschreitung} 0-1

[Event "DVM U14w 2015"]
[Site "Magdeburg GER"]
[Date "2015.12.28"]
[Round "4"]
[White "Seeburger, Milena"]
[Black "Rosenhain, Rachela"]
[Result "0-1"]
[Termination "normal"]
[Board "3.1"]
[WhiteElo "1314"]
[BlackElo "1846"]
[WhiteTeam "SC 1948 Ersingen"]
[BlackTeam "Schachpinguine Berlin"]
[PlyCount "98"]
[WhiteFideId "16217306"]
[BlackFideId "12957615"]
[EventCountry "GER"]
[EventRounds "7"]
[EventType "team-swiss"]
[EventDate "2015.12.26"]

1. e4 e5 2. Nf3 Nc6 3. Bb5 Nf6 4. O-O Nxe4 5. Re1 Nd6 6. Bxc6 dxc6 7. Nxe5 Be7
8. Nc3 O-O 9. d4 Nf5 10. Nf3 Be6 11. Bf4 Qd7 12. Qd3 Rad8 13. Rad1 Rfe8 14. a3
Nd6 15. d5 Bf5 16. dxc6 Qxc6 17. Qd2 Nc4 18. Qc1 Rxd1 19. Rxd1 Bf6 20. Nd4 Bxd4
21. Rxd4 Nxb2 22. h3 Qxc3 23. Rd2 Nc4 24. Rd1 h6 25. a4 Bxc2 26. Rf1 Qd3 27. a5
Nxa5 28. Bxc7 Nc6 29. Bf4 Nd4 30. Kh1 Ne2 31. Qe1 Ng3+ 32. Bxg3 Rxe1 33. Rxe1
b5 34. Re8+ Kh7 35. Re7 Qg6 36. Rxa7 b4 37. Rb7 b3 38. Kh2 Qf6 39. h4 b2 40.
Rxb2 Qxb2 41. Kh1 g5 42. hxg5 hxg5 43. Bh2 Qc1+ 44. Bg1 Qf4 45. f3 Qh4+ 46. Bh2
Bd3 47. g3 Qh3 48. f4 Be4+ 49. Kg1 Qg2# 0-1

[Event "DVM U14w 2015"]
[Site "Magdeburg GER"]
[Date "2015.12.28"]
[Round "4"]
[White "Schnabel, Luise"]
[Black "Ruf, Judith"]
[Result "1-0"]
[Termination "normal"]
[Board "3.2"]
[WhiteElo "1599"]
[BlackElo "902"]
[WhiteTeam "Schachpinguine Berlin"]
[BlackTeam "SC 1948 Ersingen"]
[PlyCount "145"]
[WhiteFideId "12943347"]
[BlackFideId "16217314"]
[EventCountry "GER"]
[EventRounds "7"]
[EventType "team-swiss"]
[EventDate "2015.12.26"]

1. e4 e5 2. Nf3 Nc6 3. Bc4 Bc5 4. O-O d6 5. c3 Bg4 6. h3 Be6 7. Bxe6 fxe6 8. d4
exd4 9. cxd4 Bb6 10. Nc3 e5 11. dxe5 dxe5 12. b3 Nf6 13. Bb2 Bd4 14. Re1 O-O
15. Qe2 Re8 16. Rad1 Qd7 17. Nb5 Qe7 18. Nfxd4 exd4 19. f3 a6 20. Nxd4 Nxd4 21.
Bxd4 Nh5 22. Qc4+ Kh8 23. Qc5 Qf7 24. Rc1 Rad8 25. Be3 Rd7 26. Rcd1 Red8 27.
Rxd7 Rxd7 28. Qa7 b5 29. Qxa6 h6 30. Qxb5 Rd6 31. Qc4 Qe7 32. Bc5 Qh4 33. Bf2
Qg5 34. Qc5 Qg6 35. Be3 Rf6 36. Qxc7 Rxf3 37. Qc8+ Kh7 38. Qg4 Rg3 39. Qxg6+
Rxg6 40. b4 Re6 41. Bc1 Nf6 42. e5 Nd5 43. a3 g5 44. Kf2 Kg6 45. g4 Nf4 46.
Bxf4 gxf4 47. Kf3 Kf7 48. Kxf4 Ra6 49. Re3 Ke6 50. Rd3 Ke7 51. Kf5 Rb6 52. Rd6
Rb8 53. Rxh6 Rf8+ 54. Rf6 Rh8 55. e6 Rxh3 56. Rf7+ Ke8 57. Ra7 Rf3+ 58. Kg6 Rf4
59. g5 Rf3 60. b5 Rb3 61. a4 Rb4 62. Kf6 Rd4 63. Ra8+ Rd8 64. Rxd8+ Kxd8 65. b6
Kc8 66. e7 Kb7 67. e8=Q Kxb6 68. g6 Kc7 69. g7 Kd6 70. Qe6+ Kc7 71. g8=R Kb7
72. Rg7+ Kb8 73. Qe8# 1-0

[Event "DVM U14w 2015"]
[Site "Magdeburg GER"]
[Date "2015.12.28"]
[Round "4"]
[White "Wackernagel, Sara"]
[Black "Grey, Andrea"]
[Result "1-0"]
[Termination "normal"]
[Board "3.3"]
[WhiteElo "996"]
[BlackElo "1364"]
[WhiteTeam "SC 1948 Ersingen"]
[BlackTeam "Schachpinguine Berlin"]
[PlyCount "71"]
[WhiteFideId "16217322"]
[BlackFideId "12971880"]
[EventCountry "GER"]
[EventRounds "7"]
[EventType "team-swiss"]
[EventDate "2015.12.26"]

1. e4 c5 2. Nf3 Nc6 3. Bc4 g6 4. Nc3 Bg7 5. O-O e6 6. d3 Nge7 7. Bg5 h6 8. Bh4
O-O 9. Bb5 Qe8 10. Bxc6 bxc6 11. Qd2 a6 12. Bg3 d5 13. Be5 Bb7 14. Bxg7 Kxg7
15. Ne5 c4 16. dxc4 dxc4 17. Ng4 Ng8 18. Rae1 Rd8 19. Qf4 Qe7 20. Re3 h5 21.
Ne5 Qd6 22. Qg5 Qe7 23. Qg3 Rd4 24. Ne2 Rdd8 25. Nf4 Nf6 26. Nfxg6 Qd6 27.
Nxf8+ Kxf8 28. Rf3 Qe7 29. Qg5 Nxe4 30. Qxh5 Nf6 31. Qh6+ Ke8 32. Rxf6 Qf8 33.
Qh5 Rc8 34. Rxf7 Qe7 35. Qh8+ Qf8 36. Qxf8# 1-0

[Event "DVM U14w 2015"]
[Site "Magdeburg GER"]
[Date "2015.12.28"]
[Round "4"]
[White "Zhou, Lepu Coco"]
[Black "Georgieva, Kalina"]
[Result "1-0"]
[Termination "normal"]
[Board "3.4"]
[WhiteElo "1050"]
[BlackElo "732"]
[WhiteTeam "Schachpinguine Berlin"]
[BlackTeam "SC 1948 Ersingen"]
[PlyCount "75"]
[WhiteFideId "16217136"]
[BlackFideId "16217330"]
[EventCountry "GER"]
[EventRounds "7"]
[EventType "team-swiss"]
[EventDate "2015.12.26"]

1. e4 e5 2. Nf3 Nc6 3. Bc4 Nf6 4. d4 Nxe4 5. dxe5 Bc5 6. Qd5 O-O 7. Qxe4 d6 8.
O-O dxe5 9. Bg5 Be7 10. Bxe7 Qxe7 11. Nc3 Qf6 12. Nd5 Qd8 13. Rad1 Qd6 14. Ng5
g6 15. Qh4 h5 16. Ne4 Qd8 17. Ndf6+ Qxf6 18. Nxf6+ Kh8 19. Qg5 Kg7 20. Nxh5+
Kh7 21. Nf6+ Kg7 22. Bb5 a6 23. Bxc6 bxc6 24. Qxe5 Kh6 25. Rd4 g5 26. h4 gxh4
27. Rxh4+ Kg6 28. Nh7 f6 29. Qg3+ Kf7 30. Qxc7+ Kg8 31. Nxf8 Bf5 32. Qg3+ Kf7
33. Qc7+ Kg8 34. Rf4 Rxf8 35. Rxf5 Rf7 36. Qb8+ Rf8 37. Qg3+ Kh7 38. Rh5# 1-0

[Event "DVM U14w 2015"]
[Site "Magdeburg GER"]
[Date "2015.12.28"]
[Round "4"]
[White "Eisenburger, Melissa"]
[Black "Kublanov, Carolin"]
[Result "0-1"]
[Termination "normal"]
[Board "4.2"]
[WhiteElo "1181"]
[BlackElo "1607"]
[WhiteTeam "SC Erlangen 48/88"]
[BlackTeam "SG Solingen"]
[PlyCount "38"]
[WhiteFideId "16217209"]
[BlackFideId "12944548"]
[EventCountry "GER"]
[EventRounds "7"]
[EventType "team-swiss"]
[EventDate "2015.12.26"]

1. e4 e6 2. d4 d5 3. Nd2 c5 4. c3 Nc6 5. Bb5 Bd7 6. Ne2 Qb6 7. Bxc6 Bxc6 8. e5
Ne7 9. Nf3 Nf5 10. Rb1 cxd4 11. cxd4 Qa5+ 12. Nc3 Bb4 13. Qd2 Qa6 14. a3 Bxc3
15. Qxc3 O-O 16. Qc5 Rac8 17. g4 Qd3 18. Qc3 Qxb1 19. gxf5 Bb5 0-1

[Event "DVM U14w 2015"]
[Site "Magdeburg GER"]
[Date "2015.12.28"]
[Round "4"]
[White "Bashylina, Luisa"]
[Black "Strobel, Joanna"]
[Result "1-0"]
[Termination "normal"]
[Board "4.3"]
[WhiteElo "1231"]
[BlackElo "1023"]
[WhiteTeam "SG Solingen"]
[BlackTeam "SC Erlangen 48/88"]
[PlyCount "81"]
[WhiteFideId "12983292"]
[BlackFideId "16217217"]
[EventCountry "GER"]
[EventRounds "7"]
[EventType "team-swiss"]
[EventDate "2015.12.26"]

1. e4 e5 2. Nf3 Nc6 3. d4 f6 4. d5 Nce7 5. Nc3 Ng6 6. Be3 c6 7. Qd2 Bb4 8. d6
Nh6 9. O-O-O O-O 10. h3 b5 11. g4 Nf7 12. g5 fxg5 13. Nxg5 Nxd6 14. a3 Ba5 15.
Qxd6 Bc7 16. Qd2 Bb7 17. Qxd7 Bc8 18. Qxd8 Bxd8 19. h4 Bg4 20. Rd6 Bh5 21. Ne6
Be7 22. Rd7 Rf6 23. Nc7 Rd8 24. Rxd8+ Bxd8 25. Na6 Rd6 26. Bd3 Bf3 27. Rh3 Bh5
28. Nc5 a5 29. Nb7 Rd7 30. Nxd8 Rxd8 31. Rg3 b4 32. axb4 axb4 33. Na4 Rd6 34.
Rg5 Bf3 35. h5 Nh4 36. Rxe5 h6 37. Re8+ Kf7 38. Rb8 g5 39. hxg6+ Rxg6 40. b3
Rg1+ 41. Kb2 1-0

[Event "DVM U14w 2015"]
[Site "Magdeburg GER"]
[Date "2015.12.28"]
[Round "4"]
[White "Strobel, Miriam"]
[Black "Möller, Laura"]
[Result "0-1"]
[Termination "normal"]
[Board "4.4"]
[WhiteElo "842"]
[BlackElo "1696"]
[WhiteTeam "SC Erlangen 48/88"]
[BlackTeam "SG Solingen"]
[PlyCount "70"]
[WhiteFideId "16217225"]
[BlackFideId "12911720"]
[EventCountry "GER"]
[EventRounds "7"]
[EventType "team-swiss"]
[EventDate "2015.12.26"]

1. e4 c5 2. Nc3 Nc6 3. g3 g6 4. Bg2 Bg7 5. Rb1 Nf6 6. d3 O-O 7. f4 d6 8. h3 e5
9. Nd5 Nxd5 10. exd5 Nd4 11. Ne2 Nf5 12. c4 Re8 13. O-O exf4 14. Bxf4 Ne3 15.
Qd2 Nxf1 16. Kxf1 Qf6 17. Kg1 Qe7 18. Re1 Bd4+ 19. Kh2 Bf6 20. Bf3 h5 21. g4
hxg4 22. hxg4 g5 23. Bg3 Kg7 24. Kg2 Be5 25. Nf4 gxf4 26. Bxf4 Qf6 27. Bg5 Qg6
28. Be4 f5 29. gxf5 Bxf5 30. Bxf5 Qxf5 31. Rf1 Qg4+ 32. Kh1 Rh8+ 33. Bh6+ Rxh6+
34. Qxh6+ Kxh6 35. Rg1 Qh3# 0-1

[Event "DVM U14w 2015"]
[Site "Magdeburg GER"]
[Date "2015.12.28"]
[Round "4"]
[White "Walow, Xenia"]
[Black "Kirsten, Annika"]
[Result "1-0"]
[Termination "normal"]
[Board "5.1"]
[WhiteElo "1532"]
[BlackElo "1329"]
[WhiteTeam "SK Blauer Springer Paderborn 1926"]
[BlackTeam "Cöthener FC Germania 03"]
[PlyCount "89"]
[WhiteFideId "12971839"]
[BlackFideId "12961124"]
[EventCountry "GER"]
[EventRounds "7"]
[EventType "team-swiss"]
[EventDate "2015.12.26"]

1. d4 e6 2. Nf3 Nf6 3. Bf4 g6 4. e3 Bg7 5. c3 O-O 6. Nbd2 Nc6 7. Bd3 d6 8. O-O
Re8 9. Bg3 e5 10. dxe5 dxe5 11. Bb5 e4 12. Nd4 Bd7 13. Nxc6 Bxc6 14. Bxc6 bxc6
15. Nb3 Qe7 16. h3 Rad8 17. Qe2 Nd5 18. Qa6 Ra8 19. Qxc6 Rad8 20. Qc4 Be5 21.
Bxe5 Qxe5 22. Nd4 Nb6 23. Qe2 Qd5 24. Rfd1 Qb7 25. Nb3 Nd5 26. Rd2 Rd7 27. Nc5
Nxc3 28. bxc3 Rxd2 29. Qxd2 Qc6 30. Nb3 Qb5 31. Rd1 Qb6 32. Qd7 Rf8 33. Qe7 Qa6
34. Rd8 Rxd8 35. Qxd8+ Kg7 36. Qd4+ Kg8 37. Qxe4 Qxa2 38. Nd4 Qa1+ 39. Kh2 Qxc3
40. Qa8+ Kg7 41. Qxa7 Qc4 42. Qa1 Kg8 43. Qa8+ Kg7 44. Qe4 c5 45. Nf5+ 1-0

[Event "DVM U14w 2015"]
[Site "Magdeburg GER"]
[Date "2015.12.28"]
[Round "4"]
[White "Kesselmeier, Olivia"]
[Black "Buchheim, Luise"]
[Result "1-0"]
[Termination "normal"]
[Board "5.3"]
[WhiteElo "1078"]
[BlackElo "1112"]
[WhiteTeam "SK Blauer Springer Paderborn 1926"]
[BlackTeam "Cöthener FC Germania 03"]
[PlyCount "93"]
[WhiteFideId "16211472"]
[BlackFideId "16217179"]
[EventCountry "GER"]
[EventRounds "7"]
[EventType "team-swiss"]
[EventDate "2015.12.26"]

1. c4 b6 2. Nc3 Bb7 3. e3 Nf6 4. Nf3 e6 5. g3 Bd6 6. Bg2 Qe7 7. O-O h6 8. Qe2
Nc6 9. a3 Rb8 10. b3 Ne5 11. Nxe5 Bxe5 12. Bb2 Bxg2 13. Kxg2 Qd6 14. d4 Qc6+
15. Kg1 Bd6 16. Nb5 Be7 17. Nxa7 Qb7 18. Nb5 Rc8 19. a4 Ne4 20. Ba3 Bf6 21. f3
Ng5 22. c5 g6 23. cxb6 Qxb6 24. Bc5 Qb7 25. Rac1 Be7 26. Bxe7 Kxe7 27. e4 Kf8
28. Rc2 Qb8 29. e5 c6 30. Nd6 Rd8 31. Rc3 Kg7 32. f4 Nh7 33. g4 Rhf8 34. f5 g5
35. f6+ Kg8 36. Qe1 Qb6 37. Rd3 c5 38. dxc5 Qxc5+ 39. Re3 Rb8 40. Rff3 Rxb3 41.
Ne4 Qb6 42. Kg2 Rb2+ 43. Re2 Rb4 44. h4 Rxa4 45. hxg5 hxg5 46. Qh1 Qb7 47. Qh6
1-0

[Event "DVM U14w 2015"]
[Site "Magdeburg GER"]
[Date "2015.12.28"]
[Round "4"]
[White "Wesselly, Luisa"]
[Black "Rust, Emily"]
[Result "1-0"]
[Termination "normal"]
[Board "5.4"]
[WhiteElo "966"]
[BlackElo "910"]
[WhiteTeam "Cöthener FC Germania 03"]
[BlackTeam "SK Blauer Springer Paderborn 1926"]
[PlyCount "89"]
[WhiteFideId "16217187"]
[BlackFideId "16211499"]
[EventCountry "GER"]
[EventRounds "7"]
[EventType "team-swiss"]
[EventDate "2015.12.26"]

1. e4 d5 2. Nc3 Nf6 3. d4 dxe4 4. Bc4 Be6 5. Bxe6 fxe6 6. Bg5 Nc6 7. Nge2 e5 8.
dxe5 Qxd1+ 9. Rxd1 Nxe5 10. Bxf6 exf6 11. Nxe4 Bb4+ 12. c3 Be7 13. Nd4 c5 14.
Ne6 c4 15. Nc7+ Kf7 16. Nxa8 Rxa8 17. Ke2 f5 18. Nd2 Bh4 19. Nf3 Nxf3 20. Kxf3
b5 21. Rd5 a6 22. Rxf5+ Kg6 23. Rf4 Bg5 24. Rg4 a5 25. h4 Rf8+ 26. Kg3 h6 27.
hxg5 h5 28. Rd4 Kxg5 29. Rd5+ Rf5 30. Rxf5+ Kxf5 31. Rxh5+ Kg6 32. Rxb5 a4 33.
Ra5 a3 34. bxa3 Kh6 35. Rc5 g5 36. a4 Kh5 37. a5 Kh6 38. a6 Kg6 39. a7 Kf6 40.
a8=Q Ke6 41. Qd5+ Kf6 42. Rc6+ Ke7 43. Qd6+ Kf7 44. Rc7+ Ke8 45. Qe7# 1-0

[Event "DVM U14w 2015"]
[Site "Magdeburg GER"]
[Date "2015.12.28"]
[Round "4"]
[White "Fricke, Edna Marlene"]
[Black "Schneider, Xenia"]
[Result "0-1"]
[Termination "normal"]
[Board "6.1"]
[WhiteElo "1373"]
[BlackElo "1306"]
[WhiteTeam "Schachunion Berlin"]
[BlackTeam "SK Endingen"]
[PlyCount "50"]
[WhiteFideId "12988839"]
[BlackFideId "12911984"]
[EventCountry "GER"]
[EventRounds "7"]
[EventType "team-swiss"]
[EventDate "2015.12.26"]

1. e4 c6 2. d4 d5 3. e5 Bf5 4. Nf3 e6 5. Nbd2 c5 6. c3 Nd7 7. g3 b6 8. Bg2 Bd3
9. Nf1 c4 10. Ne3 f6 11. b3 b5 12. a4 a6 13. a5 Qc7 14. Bf1 Bxf1 15. Nxf1 fxe5
16. dxe5 Nxe5 17. Nxe5 Qxe5+ 18. Kd2 b4 19. Bb2 Rb8 20. Qc2 bxc3+ 21. Bxc3 d4
22. bxc4 dxc3+ 23. Qxc3 Bb4 24. Qxb4 Rxb4 25. Re1 Rb2+ 0-1